<?xml version="1.0" encoding="UTF-8"?><?xml-stylesheet type="text/xsl" href="static/style.xsl"?><OAI-PMH xmlns="http://www.openarchives.org/OAI/2.0/" xmlns:xsi="http://www.w3.org/2001/XMLSchema-instance" xsi:schemaLocation="http://www.openarchives.org/OAI/2.0/ http://www.openarchives.org/OAI/2.0/OAI-PMH.xsd"><responseDate>2026-04-17T11:58:43Z</responseDate><request verb="GetRecord" identifier="oai:www.recercat.cat:10256/11542" metadataPrefix="marc">https://recercat.cat/oai/request</request><GetRecord><record><header><identifier>oai:recercat.cat:10256/11542</identifier><datestamp>2024-05-22T09:48:44Z</datestamp><setSpec>com_2072_452955</setSpec><setSpec>com_2072_2054</setSpec><setSpec>col_2072_452957</setSpec></header><metadata><record xmlns="http://www.loc.gov/MARC21/slim" xmlns:dcterms="http://purl.org/dc/terms/" xmlns:xsi="http://www.w3.org/2001/XMLSchema-instance" xmlns:doc="http://www.lyncode.com/xoai" xsi:schemaLocation="http://www.loc.gov/MARC21/slim http://www.loc.gov/standards/marcxml/schema/MARC21slim.xsd">
   <leader>00925njm 22002777a 4500</leader>
   <datafield ind2=" " ind1=" " tag="042">
      <subfield code="a">dc</subfield>
   </datafield>
   <datafield ind2=" " ind1=" " tag="720">
      <subfield code="a">Bacca Cortés, Eval Bladimir</subfield>
      <subfield code="e">author</subfield>
   </datafield>
   <datafield ind2=" " ind1=" " tag="720">
      <subfield code="a">Salvi, Joaquim</subfield>
      <subfield code="e">author</subfield>
   </datafield>
   <datafield ind2=" " ind1=" " tag="720">
      <subfield code="a">Cufí i Solé, Xavier</subfield>
      <subfield code="e">author</subfield>
   </datafield>
   <datafield ind2=" " ind1=" " tag="260">
      <subfield code="c">info:eu-repo/date/embargoEnd/2026-01-01</subfield>
   </datafield>
   <datafield ind2=" " ind1=" " tag="260">
      <subfield code="c">info:eu-repo/date/embargoEnd/2026-01-01</subfield>
   </datafield>
   <datafield ind2=" " ind1=" " tag="260">
      <subfield code="c">2013</subfield>
   </datafield>
   <datafield ind2=" " ind1=" " tag="520">
      <subfield code="a">This work proposes a system for long-term mapping and localization based on the Feature Stability Histogram (FSH) model which is an innovative feature management approach able to cope with changing environments. FSH is built using a voting schema, where re-observed features are promoted; otherwise the feature progressively decreases its corresponding FSH value. FSH is inspired by the human memory model. This model introduces concepts of Short-Term Memory (STM), which retains information long enough to use it, and Long-Term Memory (LTM), which retains information for longer periods of time. If the entries in STM are continuously rehearsed, they become part of LTM. However, this work proposes a change in the pipeline of this model, allowing any feature to be part of STM or LTM depending on the feature strength. FSH stores the stability values of local features, stable features are only used for localization and mapping. Experimental validation of the FSH model was conducted using the FastSLAM framework and a long-term dataset collected during a period of one year at different environmental conditions. The experiments carried out include qualitative and quantitative results such as: filtering out dynamic objects, increasing map accuracy, scalability, and reducing the data association effort in long-term run</subfield>
   </datafield>
   <datafield ind2=" " ind1=" " tag="520">
      <subfield code="a">This work has been partially supported by the project RAIMON—Autonomous Underwater Robot for Marine Fish Farms Inspection and Monitoring (Ref. CTM2011-29691-C02-02) funded by the Spanish Ministry of Science and Innovation, the LASPAUCOLCIENCIAS&#xd;
grant 136-2008, the University of Valle contract 644-19-04-95, and the consolidated research group’s grant SGR2009-00380</subfield>
   </datafield>
   <datafield ind1="8" ind2=" " tag="024">
      <subfield code="a">http://hdl.handle.net/10256/11542</subfield>
   </datafield>
   <datafield tag="653" ind2=" " ind1=" ">
      <subfield code="a">Robòtica</subfield>
   </datafield>
   <datafield tag="653" ind2=" " ind1=" ">
      <subfield code="a">Robotics</subfield>
   </datafield>
   <datafield tag="653" ind2=" " ind1=" ">
      <subfield code="a">Robots -- Sistemes de control</subfield>
   </datafield>
   <datafield tag="653" ind2=" " ind1=" ">
      <subfield code="a">Robots -- Control systems</subfield>
   </datafield>
   <datafield ind2="0" ind1="0" tag="245">
      <subfield code="a">Long-term mapping and localization using feature stability histograms</subfield>
   </datafield>
</record></metadata></record></GetRecord></OAI-PMH>